Statistics for Top 10 NBA Centers (2012-2013)

Click here to take the quiz!

General Stats

  • This quiz has been taken 468 times
    (454 since last reset)
  • The average score is 4 of 10

Answer Stats

RankPlayer% Correct
1Dwight Howard
85%
6Marc Gasol
57%
5Tim Duncan
46%
4Chris Bosh
43%
3DeMarcus Cousins
38%
8Joakim Noah
38%
7Tyson Chandler
34%
10Kevin Garnett
28%
2Andrew Bynum
26%
9Roy Hibbert
16%

Score Distribution

Percentile by Number Answered

Percent of People with Each Score

Your Score History

You have not taken this quiz since the last reset